00672nai a2200169Ia 4500003000900000008004100009022002200050022002300072040001600095245005200111260008600163310001200249362002700261521006900288650005700357856008800414IN-BaIIA211028c9999 xx s 000 0 eng d a0090-6778 (Print) a1558-0857 (Online) cIIA Library 0aIEEE Transactions on Communicationsh[eJournal] aNew York, USAbThe Institute of Electrical and Electronics Engineers, Inc. (IEEE) aMonthly a20(1); 1972 - Present  bSubscribed through National Knowledge Resource Consortium (NKRC) aCommunication, Networking and Broadcast Technologies uhttps://ieeexplore.ieee.org/servlet/opac?punumber=26yClick Here to Access eJournal